000
00302nam a22001457a 4500
008
211019b ||||| |||| 00| 0 eng d
020
_a
0867202076
041
_a
eng
080
_a
541
082
_a
541
100
_a
12
101
_a
KIM
245
_a
Organic Chemistry
_c
Fox,M.A
942
_2
udc
_c
BK
999
_c
58268
_d
58268